000 00643nam a2200217Ii 4500
003 JO-AjNU
008 230605s9999||||xx |||||||||||||| ||und||
020 _a978-9957-32-374-5
040 _aJO-AjNU
_bara
_erda
_cJO-AjNU
041 _aara
050 1 4 _aQA276 2008
100 3 _aالعياصرة ، أحمد أكرم الشبلي ,
_eauthor
_932991
245 0 0 _a مبادئ الإحصاء
250 _aط1
264 3 1 _aعمان:دار الحامد، 2008
300 _a308ص
336 _atext
_btxt
_2rdacontent
337 _aunmediated
_bn
_2rdamedia
338 _avolume
_bnc
_2rdacarrier
650 4 _a الإحصاء 
_932992
999 _aA13381
_c16949
_d16949